Learning and development / (Record no. 620)

MARC details
000 -LEADER
fixed length control field 00626nam a22002177a 4500
005 - DATE AND TIME OF LATEST TRANSACTION
control field 20250420134818.0
008 - FIXED-LENGTH DATA ELEMENTS--GENERAL INFORMATION
fixed length control field 200813b ||||| |||| 00| 0 eng d
020 ## - INTERNATIONAL STANDARD BOOK NUMBER
International Standard Book Number 9781843980506
040 ## - CATALOGING SOURCE
Transcribing agency KCST
082 ## - DEWEY DECIMAL CLASSIFICATION NUMBER
Classification number 658.3124
Item number Ha Le
100 ## - MAIN ENTRY--PERSONAL NAME
Personal name Harrison, Rosemary
9 (RLIN) 5100
245 ## - TITLE STATEMENT
Title Learning and development /
Statement of responsibility, etc. Rosemary Harrison
250 ## - EDITION STATEMENT
Edition statement 4th edition
260 ## - PUBLICATION, DISTRIBUTION, ETC.
Place of publication, distribution, etc. London :
Name of publisher, distributor, etc. Chartered Institute of Personnel and Development,
Date of publication, distribution, etc. 2005.
300 ## - PHYSICAL DESCRIPTION
Extent 389 p.
650 ## - SUBJECT ADDED ENTRY--TOPICAL TERM
Topical term or geographic name entry element Personnel management.
9 (RLIN) 393
650 ## - SUBJECT ADDED ENTRY--TOPICAL TERM
Topical term or geographic name entry element Employees -- Training of.
9 (RLIN) 5101
650 ## - SUBJECT ADDED ENTRY--TOPICAL TERM
Topical term or geographic name entry element Career development.
9 (RLIN) 914
942 ## - ADDED ENTRY ELEMENTS (KOHA)
Koha item type Book
942 ## - ADDED ENTRY ELEMENTS (KOHA)
Source of classification or shelving scheme Dewey Decimal Classification
Holdings
Withdrawn status Lost status Source of classification or shelving scheme Damaged status Not for loan Home library Current library Date acquired Source of acquisition Cost, normal purchase price Total checkouts Full call number Barcode Date last seen Price effective from Koha item type
    Dewey Decimal Classification     KCST Library KCST Library 13/08/2020 Unknown 0.00   658.3124 Ha Le 1000000486 13/08/2020 13/08/2020 Book
© 2025 KCST. All rights reserved